| 000 | 00614nam a2200121Ia 4500 | ||
|---|---|---|---|
| 008 | 220216s9999 xx 000 0 und d | ||
| 100 |
_aQiguan H _cet al |
||
| 245 | 0 | _aRubber tree powdery mildew genome and transcriptome sequencing, and effect proteins predicting | |
| 260 | _bSustainability of the NR Industry: Issues, Challenges & Opportunities: International Rubber Conference, 21-22 November 2016, Cambodian Rubber Research Institute (CRRI) and International Rubber Research and Development Board (IRRDB), Siem Reap, Cambodia, p. 515. | ||
| 650 | _aEffector proteins | ||
| 650 | _aGenome sequence | ||
| 942 | _cJS | ||
| 999 |
_c68099 _d68099 |
||